La dialectique du monde sensible / (Record no. 89618)

MARC details
000 -LEADER
campo de control de longitud fija 00700nam a2200193 i 4500
001 - NÚMERO DE CONTROL
campo de control 89618
003 - IDENTIFICADOR DE NÚMERO DE CONTROL
campo de control ES-MaACL
005 - FECHA Y HORA DE LA ÚLTIMA TRANSACCIÓN
campo de control 20230906180231.0
007 - CAMPO FIJO DE DESCRIPCIÓN FÍSICA--INFORMACIÓN GENERAL
campo de control de longitud fija t|
008 - DATOS DE LONGITUD FIJA--INFORMACIÓN GENERAL
campo de control de longitud fija 050111s1921 fr ||||1| fre d
100 1# - ENTRADA PRINCIPAL--NOMBRE DE PERSONA
Nombre de persona Lavelle, Louis.
9 (RLIN) 70701
245 13 - MENCIÓN DEL TÍTULO
Título La dialectique du monde sensible /
Mención de responsabilidad, etc. Louis Lavelle.
260 ## - PUBLICACIÓN, DISTRIBUCIÓN, ETC.
Lugar de publicación, distribución, etc. Strasbourg :
Nombre del editor, distribuidor, etc. Université de Strasbourg, Faculté des Lettres,
Fecha de publicación, distribución, etc. 1921 (
Fabricante Imp. Alsacienne)
300 ## - DESCRIPCIÓN FÍSICA
Extensión XLV, 228 p. ;
Dimensiones 25 cm.
490 1# - MENCIÓN DE SERIE
Mención de serie Publications de la Faculté de Lettres de l'Université de Strasbourg ;
Designación de volumen o secuencia 4
830 0# - PUNTO DE ACCESO ADICIONAL DE SERIE-TÍTULO UNIFORME
Título uniforme Publications de la Faculté de Lettres de l'Université de Strasbourg ;
Designación de volumen o secuencia 4
9 (RLIN) 231900
852 ## - LOCALIZACIÓN
Ubicación ES-MaACL
Número de control de estantería C-1949
Holdings
Estatus retirado Estado de pérdida Estado de daño No para préstamo Biblioteca de origen Biblioteca actual Ubicación en estantería Fecha de adquisición Fuente de adquisición Total de préstamos Signatura topográfica completa Código de barras Visto por última vez Precio de reemplazo Tipo de ítem Koha
        Biblioteca del Ateneo de Madrid Biblioteca del Ateneo de Madrid Sala Palomar 17/01/2008     C-1949 1093595 23/02/2023 23/02/2023 Libro impreso